书目信息 |
| 题名: |
政工干部实用手册
|
|
| 作者: | ;哈尔滨工业大学党委研究室 编 | |
| 分册: | ||
| 出版信息: | 哈尔滨 哈尔滨工业大学出版社 1985 |
|
| 页数: | 827页 | |
| 开本: | 19cm | |
| 丛书名: | ||
| 单 册: | ||
| 中图分类: | C62 | |
| 科图分类: | ||
| 主题词: | 社会科学--手册 , 社会科学--便览 , 社会科学--年表 , 社会科学--指南 | |
| 电子资源: | ||
| ISBN: | ||
| 000 | 00787nam0 2200265 45 | |
| 001 | 0185002356 | |
| 005 | 20070711143939.01 | |
| 010 | @dCNY5.40 | |
| 091 | @a17341.9 | |
| 100 | @a19900816d1985 em y0chiy0121 ea | |
| 101 | 0 | @achi |
| 102 | @aCN@b230000 | |
| 105 | @ay z 000yy | |
| 200 | 10 | @a政工干部实用手册@Azheng gong gan bu shi yong shou ce@f哈尔滨工业大学党委研究室编@FHa Er Bin Gong Ye Da Xue Dang Wei Yan Jiu Shi Bian |
| 210 | @a哈尔滨@c哈尔滨工业大学出版社@d1985 | |
| 215 | @a827页@d19cm | |
| 606 | 0 | @a社会科学@x手册 |
| 606 | 0 | @a社会科学@x便览 |
| 606 | 0 | @a社会科学@x年表 |
| 606 | 0 | @a社会科学@x指南 |
| 690 | @aC62@v3 | |
| 711 | 02 | @a哈尔滨工业大学党委研究室@4编 |
| 801 | 2 | @aCN@bNLC@c20070711 |
| 801 | 0 | @aCN@b深圳图书馆@c20040507 |
| 905 | @dC62@e10@f1@b161504 | |
| 政工干部实用手册/哈尔滨工业大学党委研究室编.-哈尔滨:哈尔滨工业大学出版社,1985 |
| 827页;19cm |
| ISBN :CNY5.40 |
| ● |
| 相关链接 |
|
|
|
|
正题名:政工干部实用手册
索取号:C62/10
 
预约/预借
| 序号 | 登录号 | 条形码 | 馆藏地/架位号 | 状态 | 备注 |
| 1 | 0161502 | 001144247 | 密集书库/ [索取号:C62/10] | 在馆 | |
| 2 | 0161503 | 001144238 | 第一借阅区/ [索取号:C62/10] | 在馆 | |
| 3 | 0161504 | 202109814 | 第一样本阅览室/ [索取号:C62/10] | 在馆 | |
| 4 | 0770000 | 207700004 | 密集书库/ [索取号:C62/10] | 在馆 |